书目信息 |
| 题名: |
商业建筑
|
|
| 作者: | 建筑世界杂志社 编 ;邹禾 译 | |
| 分册: | ||
| 出版信息: | 天津 天津大学出版社 2001.10 |
|
| 页数: | 216页 | |
| 开本: | 30cm | |
| 丛书名: | ||
| 单 册: | ||
| 中图分类: | TU247-64 | |
| 科图分类: | ||
| 主题词: | 民用建筑--建筑设计 | |
| 电子资源: | ||
| ISBN: | 7-5618-1487-9 | |
| 000 | 00688nam0 2200217 45 | |
| 001 | 0231577635 | |
| 005 | 2002041108461763 | |
| 010 | @a7-5618-1487-9@dRMB 98.00 | |
| 100 | @a20020411d2001 km y0chiy0120 ea | |
| 101 | 0 | @achi |
| 102 | @aCN@b120000 | |
| 200 | 1 | @a商业建筑@Ashang ye jian zhu@f(韩)建筑世界杂志社编@F(Han)Jian Zhu Shi Jie Za Zhi She Bian@g邹禾译@GZou He Yi |
| 210 | @a天津@c天津大学出版社@d2001.10 | |
| 215 | @a216页@d30cm | |
| 300 | @a新功能建筑设计资料大系 | |
| 606 | 0 | @a民用建筑@x建筑设计 |
| 690 | @aTU247-64@v3 | |
| 701 | 0 | @a建筑世界杂志社@AJian Zhu Shi Jie Za Zhi She@4编 |
| 702 | 0 | @a邹禾@AZou He@4译 |
| 801 | 0 | @aCN@bPFT@c20020411 |
| 905 | @a10447@dTU247-64@eJ326 | |
| 商业建筑/(韩)建筑世界杂志社编/邹禾译.-天津:天津大学出版社,2001.10 |
| 216页;30cm |
| 新功能建筑设计资料大系 |
| ISBN 7-5618-1487-9:RMB 98.00 |
| ● |
| 相关链接 |
|
|
|
正题名:商业建筑
索取号:TU247-64/J326
 
预约/预借
| 序号 | 登录号 | 条形码 | 馆藏地/架位号 | 状态 | 备注 |
| 1 | 358783 | 203587831 | 建筑库101/101建筑库 107排1列2层/ [索取号:TU247-64/J326] | 在馆 | |
| 2 | 358784 | 203587840 | 建筑库101/101建筑库 107排1列2层/ [索取号:TU247-64/J326] | 在馆 | |
| 3 | 358785 | 203587859 | 建筑库101/101建筑库 105排3列1层/ [索取号:TU247-64/J326] | 在馆 |